Online katalóg knižníc regiónu Turca

Ivan Štubňa (Record no. 20093)

MARC details
000 -LEADER
fixed length control field 01408cam a2200433 a 4500
001 - CONTROL NUMBER
control field 20093
003 - CONTROL NUMBER IDENTIFIER
control field VRT
005 - DATE AND TIME OF LATEST TRANSACTION
control field 20260116120858.0
008 - FIXED-LENGTH DATA ELEMENTS--GENERAL INFORMATION
fixed length control field 201103s2003 xo a g 00000bslo
015 ## - NATIONAL BIBLIOGRAPHY NUMBER
National bibliography number SNBA2004/03-02695
020 ## - INTERNATIONAL STANDARD BOOK NUMBER
International Standard Book Number 8070907193
035 ## - SYSTEM CONTROL NUMBER
System control number SNK000424086
039 #9 - LEVEL OF BIBLIOGRAPHIC CONTROL AND CODING DETAIL [OBSOLETE]
Level of rules in bibliographic description 202311221032
Level of effort used to assign nonsubject heading access points AUTHORITY
Level of effort used to assign subject headings 202011030951
Level of effort used to assign classification csnk01
Level of effort used to assign subject headings 202011030859
Level of effort used to assign classification VLOAD
Level of effort used to assign subject headings 201606141401
Level of effort used to assign classification msnk143
040 ## - CATALOGING SOURCE
Original cataloging agency SNK
Language of cataloging slo
Transcribing agency SNK
Description conventions AACR2
041 0# - LANGUAGE CODE
Language code of text/sound track or separate title slo
-- eng
043 ## - GEOGRAPHIC AREA CODE
Geographic area code e-xo---
044 ## - COUNTRY OF PUBLISHING/PRODUCING ENTITY CODE
MARC country code xo
ISO country code SK
080 ## - UNIVERSAL DECIMAL CLASSIFICATION NUMBER
Universal Decimal Classification number 75.071.1(084.12)
Edition identifier 1981
245 00 - TITLE STATEMENT
Title Ivan Štubňa
Statement of responsibility, etc. publikáciu pripravili Igor Štrbík a Kristína Zvedelová
250 ## - EDITION STATEMENT
Edition statement [1. vyd.]
260 ## - PUBLICATION, DISTRIBUTION, ETC.
Place of publication, distribution, etc. Martin
Name of publisher, distributor, etc. Matica slovenská
Date of publication, distribution, etc. 2003
300 ## - PHYSICAL DESCRIPTION
Extent 103 s.
Other physical details fotogr.
Dimensions 28 cm
490 1# - SERIES STATEMENT
Series statement Knižnica Matice slovenskej. Séria obrazových publikácií
Volume/sequential designation zv. 4
500 ## - GENERAL NOTE
General note Fareb. fotogr. na front.
500 ## - GENERAL NOTE
General note Súbež. text angl.
504 ## - BIBLIOGRAPHY, ETC. NOTE
Bibliography, etc. note Bibliogr. na s. 103
600 17 - SUBJECT ADDED ENTRY--PERSONAL NAME
Personal name Štubňa, Ivan,
Dates associated with a name 1926-1994
Source of heading or term SNKMA
650 07 - SUBJECT ADDED ENTRY--TOPICAL TERM
Topical term or geographic name entry element maliari
Source of heading or term SNKPH
650 07 - SUBJECT ADDED ENTRY--TOPICAL TERM
Topical term or geographic name entry element grafici
Source of heading or term SNKPH
650 07 - SUBJECT ADDED ENTRY--TOPICAL TERM
Topical term or geographic name entry element výtvarné umenie
Source of heading or term SNKPH
651 #7 - SUBJECT ADDED ENTRY--GEOGRAPHIC NAME
Geographic name Slovensko
Source of heading or term SNKPHgeo
655 #7 - INDEX TERM--GENRE/FORM
Genre/form data or focus term biografie
Source of term SNKPH
655 #7 - INDEX TERM--GENRE/FORM
Genre/form data or focus term fotografické publikácie
Source of term SNKPH
700 1# - ADDED ENTRY--PERSONAL NAME
Personal name Štrbík, Igor,
Dates associated with a name 1964-
Relationship com
700 1# - ADDED ENTRY--PERSONAL NAME
Personal name Zvedelová, Kristína,
Dates associated with a name 1979-
Relationship com
830 #0 - SERIES ADDED ENTRY--UNIFORM TITLE
Uniform title Knižnica Matice slovenskej. Séria obrazových publikácií
910 ## - USER-OPTION DATA (OCLC)
User-option data snk
942 ## - ADDED ENTRY ELEMENTS (KOHA)
Source of classification or shelving scheme Dewey Decimal Classification
Koha item type Odborná literatúra pre dospelých
Suppress in OPAC No
Holdings
Stav vyradenia Strata Poškodenie Spôsob nadobudnutia Domovská knižnica Aktuálna knižnica Dátum nadobudnutia Total checkouts Čiarový kód exemplára Date last seen Typ exemplára
      Dar Obecná knižnica Horná Štubňa Obecná knižnica Horná Štubňa 16.01.2026   9788070907191 16.01.2026 Odborná literatúra pre dospelých
Projekt je podporený Slovenskou asociáciou knižníc
Prevádzkuje Turčianska knižnica Martin 2026